• 首页
  • 本馆介绍
  • 公告通知
  • 最新文献
  • 馆藏检索
  • 电子资源
  • 读者导购
  • 参考咨询
  • 我的图书馆
  • 登录
  • 详细信息显示
  • 放入我的书架
  • 预约/预借图书
  • 作者相关作品
  • 分类相关作品
  • 丛书相关作品
  • 出版社相关作品

书目信息

  • 表格格式
  • 工作单格式
  • 卡片格式
题名:
石油化工工艺学
    
 
作者: 邹长军 主编
分册:  
出版信息: 北京   化学工业出版社  2010.10
页数: 265页
开本: 26cm
丛书名:
单 册:
中图分类: TE65
科图分类:
主题词: 石油化工--工艺学--高等学校--教材 , 石油化工 , 工艺学
电子资源:
ISBN: 978-7-122-09339-4
000 00886nam0 2200265 45
001 311923
005 20130606163328.23
010    @a978-7-122-09339-4@dCNY29.80
100    @a20130606d2010 em y0chiy0110 ea
101 0  @achi
102    @aCN@b110000
105    @aak z 000yy
106    @ar
200 1  @a石油化工工艺学@AShi You Hua Gong Gong Yi Xue@f邹长军主编@FZou Chang Jun Zhu Bian
210    @a北京@c化学工业出版社@d2010.10
215    @a265页@c图@d26cm
300    @a高等学校规划教材
330    @a本书首先从原油形成、开采和炼制等化工上游加工过程开始进行简要介绍,然后采用产业链方式,按照原料碳数从小到大顺序逐一阐述。突出C1-C6及重芳烃典型生产工艺。
606 0  @a石油化工@x工艺学@x高等学校@j教材
606 0  @a石油化工
606 0  @a工艺学
690    @aTE65@v5
701  0 @a邹长军@AZou Chang Jun@4主编
801    @aCN@bTANGWEI@c20130605
905    @b0836054-57@dTE65@e19@f4
    
    石油化工工艺学/邹长军主编.-北京:化学工业出版社,2010.10
    265页:图;26cm
    高等学校规划教材
    
    ISBN 978-7-122-09339-4:CNY29.80
    本书首先从原油形成、开采和炼制等化工上游加工过程开始进行简要介绍,然后采用产业链方式,按照原料碳数从小到大顺序逐一阐述。突出C1-C6及重芳烃典型生产工艺。
●
相关链接 在E读中查询图书 在五车中查询图书 在当当中查询图书 在豆瓣中查询图书


正题名:石油化工工艺学     索取号:TE65/19         预约/预借

序号 登录号 条形码 馆藏地/架位号 状态 备注
1 0836054   208360548   第二样本阅览室/ [索取号:TE65/19] 在馆    
2 0836055   208360557   第三借阅区/ [索取号:TE65/19] 在馆    
3 0836056   208360566   第三借阅区/ [索取号:TE65/19] 在馆    
4 0836057   208360575   第三借阅区/ [索取号:TE65/19] 在馆    
唐山师范学院图书馆 欢迎您!
大连网信软件有限公司© 版权所有